Matemática 9 : (Registro nro. 9723)

Detalles MARC
000 -LIDER
fixed length control field 01058nam a22002417a 4500
003 - IDENTIFICACDOR DE NÚMERO DE CONTROL
control field DO-SdBNP
005 - DATE AND TIME OF LATEST TRANSACTION
control field 20160413114926.0
008 - ELEMENTOS DE LONGITUD FIJA
fixed length control field 160413b1989 dr||||| |||| 00| 0 spa d
040 ## - FUENTE DE CATALOGACIÓN
Agencia que crea de manera original el registro BPMSU
Idioma de catalogación spa
Agencia que realiza la transcripción BPMSU
092 ## - LOCALLY ASSIGNED DEWEY DECIMAL CALL NUMBER
Número de clasificación 373.7 M425n 9no. 1989
245 ## - MENCIÓN DE TITULO
Título Matemática 9 :
Subtítulo algebra /
Mención de responsabilidad Rita Abbott ... [et. al.]
246 ## - VARIACION DEL TÍTULO
Título propiamente dicho o título corto Matemática 9
260 ## - PUBLICACIÓN, DISTRIBUCIÓN, ETC. (PIE DE IMPRENTA)
Lugar de publicación, distribución, etc Santo Domingo :
Nombre del editor, distribuidor, etc. Rex,
Fecha de publicación, distribución, etc 1989
300 ## - DESCRIPCIÓN FÍSICA
Extensión 188 p. :
Otros detalles físicos il. : 26 cm
505 ## - NOTA DE CONTENIDO
Título La logica del algebra
-- Operaciones con polinomio sobre z y q
-- Ecuaciones lineales problemas del primer grado
-- Expresiones notables del algebra
-- Teoría de la factoria sobre z y q
-- La ecuación cuadratica
-- El algebra de las expresiones racionales
-- El algebra sobre r
-- Funciones lineales simultaneas
650 #4 - ENCABEZAMIENTO DE MATERIA--TEMÁTICO
Término temático o nombre geográfico como elemento de entrada MATEMÁTICAS
Subdivisión temática general ENSEÑANZA SECUNDARIA
650 ## - ENCABEZAMIENTO DE MATERIA--TEMÁTICO
Término temático o nombre geográfico como elemento de entrada EDUCACIÓN SECUNDARIA
Subdivisión geográfica REPÚBLICA DOMINICANA
650 #4 - ENCABEZAMIENTO DE MATERIA--TEMÁTICO
Término temático o nombre geográfico como elemento de entrada MATEMÁTICAS
Subdivisión temática general ESTUDIOS Y EJERCICIOS
650 #4 - ENCABEZAMIENTO DE MATERIA--TEMÁTICO
Término temático o nombre geográfico como elemento de entrada MATEMÁTICAS
Subdivisión temática general LIBROS DE TEXTOS
910 ## - VALIDACIÓN
Validación Validado. Control de calidad MFF
942 ## - ADDED ENTRY ELEMENTS (KOHA)
Source of classification or shelving scheme Dewey Decimal Classification
Koha item type Libros
956 ## - LOCAL ELECTRONIC LOCATION AND ACCESS (OCLC)
Nombre de host daysi garcia
Existencias
Withdrawn status Lost status Source of classification or shelving scheme Damaged status Not for loan Collection code Home library Current library Date acquired Source of acquisition Total Checkouts Full call number Barcode Date last seen Price effective from Koha item type
    Dewey Decimal Classification       Biblioteca Pública Metropolitana Salomé Ureña Biblioteca Pública Metropolitana Salomé Ureña 04/13/2016 Donación   373.7 M425n 9no, 1989 BPMSU16040370 04/13/2016 04/13/2016 Libros